Allgemeinwissen Quiz #10 - Statistiken

Allgemein
  • Dieses Quiz wurde 8.307 mal gespielt
    7.809 seit der letzten Aktualisierung
  • Das Durchschnittsergebnis liegt bei 12 aus 20
Antwortstatistiken
Frage Antwort % Korrekt
Aus welchem Land stammt Espresso ursprünglich? Italien
97%
Wie hieß der erste Mensch laut Bibel? Adam
89%
Welcher Edelstein ist rot und steht für Liebe und Leidenschaft? Rubin
89%
Wofür steht das „F“ in UFO? Flying (fliegend)
84%
Wo lebt ein Moskauer? Moskau
83%
Welches ist das schwerste innere Organ des Menschen? Leber
82%
Welcher Begriff bezeichnet eine luxuriöse Wohnung im obersten Stockwerk eines Hochhauses? Penthouse
71%
In welcher Stadt kämpft Batman gegen das Verbrechen? Gotham City
64%
Welche ist die höchste Baumart? Küstenmammutbaum
62%
Was ist die Hauptzutat von Hummus? Kichererbsen
61%
Was ist das am meisten angebaute Getreide der Welt? Mais
59%
Welches Land hat trotz einer Bevölkerung von nur 5,5 Millionen mehr Medaillen bei den Olympischen Winterspielen gewonnen als jedes andere? Norwegen
57%
Wessen Hauptstadt ist Ulaanbaatar? Mongolei
50%
Welche ist die westlichste Großstadt Australiens? Perth
48%
Welches Buch handelt von einem englischen Aristokraten namens Viscount Greystoke, der von Affen aufgezogen wird? Tarzan
42%
Welches Element hat das Symbol Sn? Zinn
40%
Welche antike Stadtstaat wurde von König Leonidas regiert? Sparta
37%
Was gibt es in den Varianten Pillbox, Panama und Fes? Hüte
22%
Wie lautet der Vorname der Schauspielerinnen McAdams und Weisz? Rachel
20%
Welches Molekül mit der Formel C12H22O11 wird gewöhnlich als Haushaltszucker verwendet? Saccharose
17%
Keine übereinstimmenden Quizze gefunden
Verteilung der Resultate
Anzahl Personen mit jedem Resultat
Perzentil nach korrekt beantworteten Fragen
Ihre Resultats-Entwicklung
Sie haben dieses Quiz seit der letzten Aktualisierung nicht gespielt